Econometrics methods for labour economics
Enregistré dans:
| Auteur principal: | |
|---|---|
| Format: | Livre |
| Langue: | anglais |
| Publié: |
New York
Oxford University Press
2011
|
| Collection: | Practical econometrics
|
| Sujets: | |
| Tags: |
Pas de tags, Soyez le premier à ajouter un tag!
|
MARC
| LEADER | 00000nam a2200000 4500 | ||
|---|---|---|---|
| 001 | 0201710 | ||
| 005 | 20230109114501.7 | ||
| 020 | |a 978-0-19-957679-1 | ||
| 041 | 0 | |a eng | |
| 044 | |a US | ||
| 245 | 1 | 0 | |a Econometrics methods for labour economics |c Stephen Bazen |
| 264 | 1 | |a New York |b Oxford University Press |c 2011 | |
| 300 | |a 148 s. | ||
| 490 | 1 | |a Practical econometrics | |
| 830 | 0 | |a Practical econometrics | |
| 610 | 2 | 0 | |a ekonometria |
| 610 | 2 | 0 | |a práca |
| 610 | 2 | 0 | |a modely regresné |
| 610 | 2 | 0 | |a modely lineárne |
| 610 | 2 | 0 | |a odhady |
| 610 | 2 | 0 | |a metódy ekonometrické |
| 610 | 2 | 0 | |a modelovanie ekonometrické |
| 100 | 1 | |a Bazen, Stephen | |